| 000 | 00503nam a2200205Ia 4500 | ||
|---|---|---|---|
| 003 | OSt | ||
| 005 | 20230530143813.0 | ||
| 008 | 210423s1971 xx 000 0 und d | ||
| 040 | _cAL | ||
| 041 | _aeng | ||
| 082 |
_a361.4 _223 _bKONS |
||
| 245 | _aSocial group work | ||
| 260 |
_aLondon _bPHI Learning Pvt Ltd _c1971 |
||
| 300 | _bHB | ||
| 365 |
_b90 _cINR |
||
| 650 |
_aGroup Work _9116980 |
||
| 650 |
_aSocial Problems & Services _9116981 |
||
| 906 | _agroup ; Social ; work | ||
| 942 |
_2ddc _cBK |
||
| 999 |
_c175478 _d175478 |
||